World investment report 1999 : foreign direct investment and the challenge of development : overview

Αποθηκεύτηκε σε:
Λεπτομέρειες βιβλιογραφικής εγγραφής
Συγγραφή απο Οργανισμό/Αρχή: United Nations Conference on Trade and Development
Μορφή: Βιβλίο
Γλώσσα:English
Δημοσίευση: New York : United Nations, 1999
Θέματα:
Ετικέτες: Προσθήκη ετικέτας
Δεν υπάρχουν, Καταχωρήστε ετικέτα πρώτοι!

MARC

LEADER 00000cam a2200000 i 4500
001 1/1784
008 000418s1999 eng d
035 |l 10060154 
040 |a GR-MY-UA  |b gre  |e aacr 
041 0 |a eng 
082 0 |a 332.67305 
110 2 |a United Nations Conference on Trade and Development. 
245 1 0 |a World investment report 1999 :  |b foreign direct investment and the challenge of development : overview /  |c United Nations Conference on Trade and Development 
260 |a New York :   |b United Nations,   |c 1999 
300 |a 77 p.;  |b ill.;  |c 21 cm. 
650 0 0 |a Investments, Foreign  |x Periodicals. 
650 0 0 |a International trade  |x Periodicals. 
852 |a INST  |b CHIOS  |e 20001009  |h 332.67305 UNI  |p 005200017218  |q 005200017218  |t BK  |y 0 
852 |a INST  |b CHIOS  |e 20000418  |h 332.67305 UNI  |p 005200018339  |q 005200018339  |t BK  |y 0 
901 |a BIBL2-2000-2 
920 |a ΟΡΓΑΝΙΣΜΟΣ ΗΝΩΜΕΝΩΝ ΕΘΝΩΝ (Ο.Η.Ε.)  |y ΧΙΟΣ  |z 2000-02 
970 |a 2000/04/ΜΙΧΑΗΛΙΔΟΥ ΑΝΝΑ